Statystyki dla Wszyscy polscy skoczkowie narciarscy w historii

Kliknij tutaj aby rozwiązać quiz!

Ogólne statystyki

  • Ten quiz został rozwiązany 47 razy
  • Średni wynik to 35 z 179

Statystyki odpowiedzi

Odpowiedź% Poprawnych
Adam Małysz
100%
Piotr Żyła
100%
Kamil Stoch
98%
Dawid Kubacki
95%
Maciej Kot
93%
Jakub Kot
90%
Stefan Hula
85%
Klemens Murańka
83%
Jan Ziobro
75%
Jakub Wolny
73%
Paweł Wąsek
70%
Robert Mateja
70%
Aleksander Zniszczoł
68%
Leopold Tajner
68%
Tomisław Tajner
68%
Władysław Tajner
68%
Wojciech Fortuna
68%
Wojciech Tajner
68%
Andrzej Stękała
65%
Krzysztof Biegun
60%
Dawid Kowal
58%
Jan Kowal
58%
Łukasz Kruczek
58%
Paweł Kruczek
58%
Grzegorz Miętus
55%
Krzysztof Miętus
55%
Łukasz Rutkowski
55%
Marcin Bachleda
55%
Mateusz Rutkowski
55%
Piotr Fijas
53%
Tadeusz Fijas
53%
Tomasz Pilch
53%
Andrzej Kowalski
50%
Stanisław Bobak
48%
Wojciech Skupień
45%
Andrzej Marusarz
43%
Jan Habdas
43%
Józef Marusarz
43%
Stanisław Marusarz
43%
Kacper Juroszek
40%
Tomasz Byrt
35%
Adam Niżnik
33%
Andrzej Gąsienica
33%
Szymon Jojko
33%
Andrzej Zapotoczny
28%
Krystian Długopolski
28%
Rafał Śliż
28%
Tomasz Pochwała
28%
Kacper Tomasiak
25%
Bartłomiej Kłusek
23%
Klemens Joniak
23%
Krzysztof Leja
20%
Marcin Wróbel
20%
Tymoteusz Amilkiewicz
20%
Grzegorz Sobczyk
18%
Łukasz Łukaszczyk
18%
Wojciech Topór
18%
Zbigniew Klimowski
18%
Bartosz Czyż
15%
Grzegorz Śliwka
15%
Janusz Malik
15%
Józef Gąsienica-Daniel
15%
Maciej Maciusiak
15%
Przemysław Kantyka
15%
Stanisław Biela
15%
Stanisław Gąsienica-Daniel
15%
Wiktor Szozda
15%
Zbigniew Malik
15%
Adam Ruda
13%
Mateusz Gruszka
13%
Andrzej Galica
10%
Jan Szturc
10%
Artur Kukuła
8%
Jan Kula
8%
Józef Przybyła
8%
Klemens Staszel
8%
Leszek Pawłowski
8%
Marek Gwóźdź
8%
Mirosław Grzybowski
8%
Stanisław Karpiel
8%
Wacław Przybyła
8%
Wojciech Gąsienica-Kotelnicki
8%
Zdzisław Hryniewiecki
8%
Alojzy Moskal
5%
Andrzej Młynarczyk
5%
Bartłomiej Gąsienica-Sieczka
5%
Bogdan Papierz
5%
Janusz Duda
5%
Mirosław Graf
5%
Paweł Urbański
5%
Piotr Pawlusiak
5%
Roman Gąsienica-Sieczka
5%
Stanisław Gąsienica-Sieczka
5%
Stanisław Pawlusiak
5%
Tadeusz Pawlusiak
5%
Aleksander Bojda
3%
Andrzej Zarycki
3%
Antoni Łaciak
3%
Antoni Wieczorek
3%
Bartłomiej Nikiel
3%
Bogdan Zwijacz
3%
Dawid Jarząbek
3%
Eugeniusz Kaliciński
3%
Franciszek Cukier
3%
Jakub Węgrzynkiewicz
3%
Jan Jarzyna
3%
Jan Kawulok
3%
Jan Łoniewski
3%
Jan Pezda
3%
Jan Rzadkosz
3%
Janusz Fortecki
3%
Janusz Waluś
3%
Jarosław Mądry
3%
Jarosław Węgrzynkiewicz
3%
Józef Bursa
3%
Józef Gąsienica-Bryjak
3%
Józef Hordyński
3%
Józef Kawecki
3%
Józef Lankosz
3%
Krzysztof Mroczkowski
3%
Krzysztof Styrczula
3%
Lech Nadarkiewicz
3%
Marian Zając
3%
Mariusz Maciaś
3%
Mateusz Cieślar
3%
Mieczysław Kozdruń
3%
Piotr Kolesar
3%
Piotr Kudzia
3%
Piotr Wala
3%
Robert Zygmuntowicz
3%
Stanisław Ciszek
3%
Stanisław Styrczula
3%
Tadeusz Kołder
3%
Tadeusz Kozak
3%
Witold Podeszwa
3%
Władysław Gąsienica-Roj
3%
Zygmunt Rajski
3%
Adam Krzysztofiak
0%
Aleksander Rozmus
0%
Aleksander Stołowski
0%
Andrzej Gawlak
0%
Andrzej Kocyan
0%
Andrzej Krzeptowski
0%
Andrzej Sztolf
0%
Dariusz Kubaszek
0%
Elgin Scott
0%
Erwin Fiedor
0%
Franciszek Gut-Szczerba
0%
Franciszek Pawlak
0%
Gustaw Bujok
0%
Henryk Muckenbrunn
0%
Izydor Gąsienica-Łuszczek
0%
Jan Bieniek
0%
Jan Gąsienica-Ciaptak
0%
Jerzy Batruch
0%
Józef Daniel Krzeptowski
0%
Józef Huczek
0%
Józef Kocyan
0%
Karol Kołtaś
0%
Marcin Sitarz
0%
Marek Michniak
0%
Marek Pach
0%
Marek Tucznio
0%
Mateusz Kojzar
0%
Mieczysław Gąsienica-Samek
0%
Rafał Kuchta
0%
Ryszard Witke
0%
Stanisław Kułach
0%
Stanisław Murzyniak
0%
Stanisław Sowiński
0%
Tadeusz Kaczmarczyk
0%
Tadeusz Zaydel
0%
Wiesław Dygoń
0%
Władysław Mietelski
0%
Władysław Żytkowicz
0%
Wojciech Gąsienica-Marcinowski
0%
Zbigniew Hola
0%

Rozkład punktacji

Percentyl według liczby udzielonych odpowiedzi

Procent ludzi z każdym wynikiem

Twoja historia wyników

Nie rozwiązałeś tego quizu